000 00463nam a2200181Ia 4500
001 20952
005 20260306172843.0
008 260306t2006||||xx |||||||||||||| ||spa||
041 _aESP
082 _a343.8J
_bT81
100 _aTribunal Constitucional del Perú
_eAUT
245 0 _aJurisprudencia y doctrina constitucional tributaria
260 _c2006
300 _a414 páginas :
_c24 cm.
650 _aGEN
654 _aCCO
942 _cLIB
_dJUS
_fJUS
_2ddc
_n
999 _c20952
_d20952